Countries of The Carribean - Statistics

General Stats
  • This quiz has been taken 138 times
  • The average score is 11 of 13
Answers on the Map
Answers color-coded by a green-red scale on the quiz's map according to % correct below.
 
Answer Stats
Answer % Correct
Cuba
94%
Jamaica
94%
Bahamas
88%
Dominica
88%
Haiti
86%
ST Lucia
85%
Dominican Republic
84%
Trinidad And Tobago
84%
Antigua And Barbuda
75%
Barbados
74%
St Kitts And Nevis
71%
St Vincent And The Grenadines
71%
Grenada
65%
No matching quizzes found
Score Distribution
Percent of People with Each Score
Percentile by Number Answered
Your Score History
You have not taken this quiz